00359nam a2200133Ia 4500008004100000041001200041082002100053100003700074245004800111250001300159260002700172300001200199650001400211231217s9999 xx 000 0 und d aEnglish a001.6424OFF COU aCourter, Gini. Marquis, Annette. 0aMicrosoft office 97: No experience required a1st ed.  c1997bNew Delhi : BPB, axxi+679 aOffice 97